World's Fair Locations - Statistics

General Stats
  • This quiz has been taken 700 times
  • The average score is 46 of 71
Answer Stats
Theme Year Country City % Correct
Industry of All Nations 1851 United Kingdom London
99%
Industry and Arts 1862 United Kingdom London
99%
Agriculture, Industry and Art 1855 France Paris
99%
Agriculture, Industry and Art 1867 France Paris
99%
New Technologies 1878 France Paris
99%
French Revolution 1889 France Paris
99%
19th Century: An Overview 1900 France Paris
99%
Art and Technology in Modern Life 1937 France Paris
99%
Urbanism and Housing 1947 France Paris
99%
Building the World of Tomorrow 1939 -1940 United States New York
97%
Modern Life 1897 Belgium Brussels
95%
Works of Art and Science, Agricultureand Industrial Products of All Nations 1910 Belgium Brussels
95%
Transports 1935 Belgium Brussels
95%
A World View: A New Humanism 1958 Belgium Brussels
95%
Culture and Education 1873 Austria Vienna
95%
Fine and Industrial Art 1888 Spain Barcelona
94%
Arts, Industry and Sport 1929 -1930 Spain Barcelona
94%
Agriculture 1953 Italy Rome
93%
Transport 1906 Italy Milan
91%
Feeding the Planet, Energy for Life 2015 Italy Milan
91%
Discovery of America 1893 United States Chicago
90%
The interdependence among industry and scientific research 1933 -1934 United States Chicago
90%
Arts, Manufacturing, Agriculture and Industrial Products of all Nations 1880 -1881 Australia Melbourne
89%
Aviation 1936 Sweden Stockholm
86%
Sport and physical culture 1949 Sweden Stockholm
86%
Progress and Harmony for Mankind 1970 Japan Osaka
82%
Designing Future Society for Our Lives 2025 Japan Osaka
82%
Connecting Minds, Creating the Future 2021 United Arab Emirates Dubai
80%
Conquest of the Desert 1953 Israel Jerusalem
80%
Aeropace 1938 Finland Helsinki
79%
Man and His World 1967 Canada Montreal
79%
Transport 1965 West Germany Munich
79%
Inauguration of the Panama Canal 1915 United States San Francisco
79%
Pageant of the Pacific 1939 -1940 United States San Francisco
79%
The Oceans: A Herritage for the Future 1998 Portugal Lisbon
75%
Better City, Better Life 2010 China Shanghai
75%
Navigation 1954 Italy Naples
74%
The Festival of Peace 1949 Haiti Port-au-Prince
72%
The Hunt through the World 1971 Hungary Budapest
71%
Rural Habitat 1949 France Lyon
71%
Transportation and Communication: World in Motion – World in Touch 1986 Canada Vancouver
71%
Arts, Manufactures and Products of the Soil and Mine 1876 United States Philadelphia
70%
Man in the Space Age 1962 United States Seattle
69%
Louisiana Purchase 1904 United States St. Louis
67%
The Era of Discovery 1992 Spain Seville
65%
Sport 1955 Italy Turin
64%
Celebration of centenial of Italian Unity 1961 Italy Turin
64%
Future Energy 2017 Kazakhstan Astana
60%
The World of Rivers- Fresh Wateras a Source of Life 1984 United States New Orleans
58%
Christopher Columbus, The Ship and the Sea 1992 Italy Genoa
57%
Leisure in the Age of Technology 1988 Australia Brisbane
55%
Peace, Industry and Art 1913 Belgium Ghent
50%
Commemoration of the 75th anniversary of independence 1905 Belgium Liege
40%
Art of Water 1939 Belgium Liege
40%
Textile 1951 France Lille
36%
Man, Nature, and Technology 2000 Germany Hanover
33%
Hunting 1981 Bulgaria Plovdiv
28%
Inventions 1985 Bulgaria Plovdiv
28%
The activity of young people in the service of a World of Peace 1991 Bulgaria Plovdiv
28%
Water and Sustainable Development 2008 Spain Zaragoza
21%
Confluence of Civilizations in the Americas 1968 United States San Antonio
18%
Energy Turns the World 1982 United States Knoxville
11%
The Challenge of a New Road of Development 1993 South Korea Daejeon
9%
The Sea we would like to See 1975 -1976 Japan Okinawa
8%
Reconstruction of the Hansa District 1957 West Germany West Berlin
8%
Nature's Wisdom 2005 Japan Aichi
4%
Modern Man in the Environment 1955 Sweden Helsingborg
4%
Celebrating Tomorrow's FreshNew Environment 1974 United States Spokane
4%
Cirrus 1956 Israel Beit Dagan
2%
Dwellings and Surroundings- Science and Technology for Man at Home 1985 Japan Tsukuba
2%
The Living Ocean and Coast 2012 South Korea Yeosu
2%
No matching quizzes found
Score Distribution
Percent of People with Each Score
Percentile by Number Answered
Your Score History
You have not taken this quiz